| 000 | 01053nam a2200253Ia 4500 | ||
|---|---|---|---|
| 999 |
_c34610 _d34610 |
||
| 001 | 372 | ||
| 003 | GE_BSU | ||
| 005 | 20200129102426.0 | ||
| 008 | 181216s2008||||ge |||||||||||||| ||geo|| | ||
| 020 | _a9789941003172 | ||
| 040 | _cGE_BSU | ||
| 041 | _ageo | ||
| 080 | _a616.716-006.(075.8) მ-29 | ||
| 100 |
_aმარდალეიშვილი, კ. _96467 |
||
| 245 |
_aყბა-სახის ავთვისებიანი სიმსივნეები : _bსახელმძღვ. / _c კ. მარდალეიშვილი, თ. ბარამიძე. |
||
| 264 |
_aთბილისი : _bშპს "სეზანი, _c2008. |
||
| 300 |
_a248 გვ.: _b სურ. ; _c23 სმ. |
||
| 504 | _aბიბლიოგრ.: გვ. 237-247. | ||
| 541 | _h20 ლ. | ||
| 653 | _aყბა-სახის ავთვისებიანი სიმსივნეები | ||
| 653 | _aმედიცინა | ||
| 700 |
_aბარამიძე, თ. _eავტორი _96468 |
||
| 942 |
_cBK _2udc |
||